| 000 | nam a22 7a 4500 | ||
|---|---|---|---|
| 999 |
_c29914 _d29914 |
||
| 008 | 181012b xxu||||| |||| 00| 0 eng d | ||
| 050 | _aHV 5770 .C6M83 2011 | ||
| 100 | _aGathuu Benard Mwaniki | ||
| 245 |
_aThe effect of the implementation of tobacco act 2007 on financial performance of cigarettes manufacturing firms in Kenya : _bThe case of bat Kenya LTD / |
||
| 260 |
_aKenya : _c2011. |
||
| 300 |
_axi,56p. : _bIll , ; _c30cm. |
||
| 521 | _aExucutive masters. | ||
| 650 |
_atobacco act 2007 _xeffect of the implementation _yfinancial performance _zbat kenya |
||
| 942 |
_2lcc _cRESEARCH |
||